Normal view MARC view
  • Wall Street (New York, N.Y.)

Entry Geographic Name

Number of records used in: 2

001 - CONTROL NUMBER

  • control field: 36721

003 - CONTROL NUMBER IDENTIFIER

  • control field: OSt

005 - DATE AND TIME OF LATEST TRANSACTION

  • control field: 20141201105208.0

008 - FIXED-LENGTH DATA ELEMENTS

  • fixed length control field: 141201|| aca||aabn | a|a d

040 ## - CATALOGING SOURCE

  • Original cataloging agency: OSt

151 ## - HEADING--GEOGRAPHIC NAME

  • Geographic name: Wall Street (New York, N.Y.)

450 ## - SEE FROM TRACING--TOPICAL TERM

  • Topical term or geographic name entry element: Wall Street

451 ## - SEE FROM TRACING--GEOGRAPHIC NAME

  • Geographic name: Financial District (New York, N.Y.)

550 ## - SEE ALSO FROM TRACING--TOPICAL TERM

  • Topical term or geographic name entry element: Streets
  • Geographic subdivision: New York (State)